| 000 | 00950cam a22002894a 4500 | ||
|---|---|---|---|
| 001 | 2973 | ||
| 005 | 20260311084436.0 | ||
| 020 | _a0439176727 | ||
| 040 |
_aDLC _cDLC _dDLC _beng |
||
| 050 | 0 | 0 |
_aTA807.H86 _b1999 |
| 082 | 0 | 0 | _a624.193 |
| 100 | 1 | _aHunter, Ryan Ann | |
| 245 | 1 | 0 |
_aDig a tunnel / _cby Ryan Ann Hunter ; illustrated by Edward Miller. |
| 250 | _aFirst Scholastic printing, September 2000 | ||
| 260 |
_aNew York : _bScholastic, _c1999 |
||
| 300 |
_a25 unnumbered pages : _bcolor illustrations; _c21 cm . |
||
| 505 | _aO | ||
| 520 | _aSimply describes a variety of tunnels, how they are built and how they are used. | ||
| 521 |
_a610
_bLexile |
||
| 521 |
_aO
_bRaz-Plus |
||
| 650 | 0 |
_aTunneling _vJuvenile literature. |
|
| 650 | 0 |
_aTunnels _vJuvenile literature. |
|
| 650 | 1 | _aTunnels. | |
| 700 | 1 |
_aMiller, Edward _d1964- _eillustrator |
|
| 906 |
_a7 _bcbc _corignew _d1 _eocip _f19 _gy-gencatlg |
||
| 942 |
_2ddc _cBK _n0 |
||
| 999 |
_c2973 _d2973 |
||